Pañjābakesarī Lālā Lajapatarāya. (Record no. 68243)
[ view plain ]
| 000 -LEADER | |
|---|---|
| fixed length control field | 00584cam a22002171 4500 |
| 001 - CONTROL NUMBER | |
| control field | sa 66002240 |
| 003 - CONTROL NUMBER IDENTIFIER | |
| control field | DLC |
| 005 - DATE AND TIME OF LATEST TRANSACTION | |
| control field | 20260227112228.0 |
| 008 - FIXED-LENGTH DATA ELEMENTS--GENERAL INFORMATION | |
| fixed length control field | 890816s1965 ii 000 0 gujo |
| 010 ## - LIBRARY OF CONGRESS CONTROL NUMBER | |
| LC control number | sa 66002240 |
| 035 ## - SYSTEM CONTROL NUMBER | |
| System control number | (OCoLC)20185474 |
| 040 ## - CATALOGING SOURCE | |
| Original cataloging agency | DLC |
| Transcribing agency | WaU |
| Modifying agency | DLC |
| 050 00 - LIBRARY OF CONGRESS CALL NUMBER | |
| Classification number | DS479.1.L27 |
| Item number | P3 |
| 100 1# - MAIN ENTRY--PERSONAL NAME | |
| Personal name | Patel, I. J. |
| 245 10 - TITLE STATEMENT | |
| Title | Pañjābakesarī Lālā Lajapatarāya. |
| 260 ## - PUBLICATION, DISTRIBUTION, ETC. | |
| Date of publication, distribution, etc. | [1965] |
| 300 ## - PHYSICAL DESCRIPTION | |
| Extent | 12, 147 p. |
| Dimensions | 19 cm. |
| 500 ## - GENERAL NOTE | |
| General note | In Gujarati. |
| 600 20 - SUBJECT ADDED ENTRY--PERSONAL NAME | |
| Personal name | Lajpat Rai, |
| Titles and other words associated with a name | Lala, |
| Dates associated with a name | 1865-1928. |
| 710 2# - ADDED ENTRY--CORPORATE NAME | |
| Corporate name or jurisdiction name as entry element | Lālā Lajapatarāya Śatābdī Samiti (Gujarat) |
No items available.